000 00528nam a2200217Ia 4500
003 OSt
005 20220928135649.0
006 a|||||r|||| 00| 0
007 ta
008 220927b |||||||| |||| 00| 0 eng d
024 _a4441
037 _cTextual
040 _aSDCL
_cSDCL
_beng
041 _2eng
_aeng
082 _aO-,1NHS,1, K9
100 _aHeaney Seamus
_9492533
245 0 _aDoor into the dark
260 _c1969
942 _hO-,1NHS,1, K9
_cTEXL
_2CC
999 _c808138
_d808138